000 00461nam a2200205Ia 4500
003 0100
008 130303s9999 xx 000 0 und d
020 _a0198247176
040 _cARRUPELIB
050 _aB485.I74 1988
100 _aIrwin, Terence
245 _aAristotle's first principles
260 _aOxford
260 _bClarendon Press
260 _C1988
300 _axvii
300 _b 702p. 24cm.
700 _aTerence Irwin
942 0 0 _01
999 _c15527
_d15527